000 00729nam a2200217 a 4500
005 20210223130855.0
008 081110s2007 mx r 000 0 spa d
020 _a9707840587
035 _aUPN01000167720
049 _aI
050 4 _aG535
_bL3.3
100 1 _aLangley, Andrew
245 1 0 _a100 cosas que debes saber sobre piratas /
_cAndrew Langley ; tr. Héctor Escalona.
260 _aMéxico :
_bSigno,
_cc2007.
300 _a48 p. :
_bil. col.
440 0 _a100 cosas que debes saber sobre ....
_pClub de lectores
534 _pTítulo original:
_t100 Things you should know about pirates
650 4 _aPIRATAS -
_vLITERATURA INFANTIL
_97727
650 4 _aBUCANEROS -
_vLITERATURA INFANTIL
_911229
905 _aInfantil
999 _c139831
_d139831